Fallout 3, 4 and New Vegas: Radio Station Music - Statistics

General Stats
  • This quiz has been taken 207 times
  • The average score is 15 of 79
Answer Stats
Artist Song % Correct
The Ink Spots I Don't Want To Set The World On Fire
74%
Marty Robbins Big Iron
73%
The Ink Spots Maybe
56%
Dion The Wanderer
54%
Frank Sinatra Blue Moon
50%
Peggy Lee Johnny Guitar
49%
Dean Martin Ain't That A Kick In The Head?
46%
Elton Britt Uranium Fever
46%
Danny Kaye and The Andrews Sisters Civilization (Bingo Bango Bongo)
41%
The Five Stars Atom Bomb Baby
40%
Roy Brown Butcher Pete (Part 1)
39%
Roy Brown Butcher Pete (Part 2)
39%
Guy Mitchell Heartaches By The Number
37%
Kay Kyser Jingle, Jangle, Jingle
37%
Skeeter Davis The End Of The World
35%
Ella Fitzgerald and The Ink Spots Into Each Life Some Rain Must Fall
30%
Eddy Arnold It's A Sin
29%
Bing Crosby and The Andrews Sisters Pistol Packin' Mama
29%
Connie Allen Rocket 69
29%
Bob Cosby and The Bob Cats Way Back Home
29%
Cole Porter Anything Goes
28%
Bob Crosby Dear Hearts And Gentle People
26%
The Ink Spots It's All Over But The Crying
25%
Betty Hutton It's A Man
24%
Nat King Cole Orange Coloured Sky
24%
Sheldon Allman Crawl Out Through The Fallout
22%
Billie Holiday Crazy He Calls Me
22%
Tex Beneke A Wonderful Guy
21%
Lost Weekend Western Swing Band Lone Star
21%
Warren Smith Uranium Rock
21%
Bert Weedon Happy Times
19%
Bob Crosby Happy Times
19%
Johnny Mercer Personality
19%
Wynonie Harris Grandma Plays The Numbers
18%
Billie Holiday Easy Living
16%
Johnny Bond Stars Of The Midnight Range
16%
Nat King Cole Love Me As Though There Were No Tomorrow
15%
Helen Forrest Mad About The Boy
15%
Billy Ward and The Dominoes Sixty Minute Man
15%
Don Burnham and Patty Kistner Let's Ride Into The Sunset Together
14%
Jack Shaindlin I'm Tickled Pink
13%
Lost Weekend Western Swing Band In The Shadow Of The Valley
13%
The Ink Spots It's A Sin To Tell A Lie
13%
Jack Shaindlin Let's Go Sunning
13%
Roy Brown Mighty Mighty Man
13%
Ray Smith Right Behind You Baby
13%
Lynda Carter Train Train
13%
Ella Fitzgerald Undecided
13%
Big Maybelle Whole Lotta Shakin' Going On
13%
Betty Hutton He's A Demon, He's A Devil, He's A Doll
12%
Bing Crosby Something's Gotta Give
12%
Peggy Lee Why Don't You Do Right
11%
Louis Jordan Keep A Knockin
10%
Bing Crosby Accentuate The Positive
9%
Allan Gray Swing Doors
9%
Frankie Carle One More Tomorrow
8%
Lynda Carter Baby It's Just You
7%
Lynda Carter Good Neighbour
7%
Hal David and John Cacavas Where Have You Been All My Life?
7%
Gerhard Trede American Swing
6%
Sid Phillips Boogie Man
6%
Gerhard Trede Fox Boogie
6%
Katie Thompson I'm So Blue
6%
Bert Weedon Roundhouse Rock
6%
The Three Suns Worry, Worry, Worry
6%
Lynda Carter Man Enough
5%
Webb Pierce Goin' Under
4%
Gerhard Trede Hallo Mister X
4%
The Roues Brothers I'm Moving Out
4%
Lynda Carter I'm The One You're Looking For
4%
Bert Weedon Lazy Day Blues
4%
Billy Munn Jazzy Interlude
3%
Gerhard Trede Jolly Days
3%
Gerhard Trede Manhattan
2%
Pete Thomas and Ashley Slater Sit And Dream
2%
Gerhard Trede Von Spanien Nach Südamerika/From Spain To South America
2%
Gerhard Trede Slow Bounce
1%
Gerhard Trede Strahlende Trompete/Radiant Trumpet
1%
Eddy Christiani and Frans Poptie Rhythym For You
0%
No matching quizzes found
Score Distribution
Percent of People with Each Score
Percentile by Number Answered
Your Score History
You have not taken this quiz